| 000 | 01705nam a22005177a 4500 | ||
|---|---|---|---|
| 001 | 5008525 | ||
| 003 | LIBRIS | ||
| 005 | 20210422063218.0 | ||
| 008 | 011211s2001 xxu 001 0 eng c | ||
| 020 | _a0520229134 (hft.) ; | ||
| 040 |
_aBNB _dLx _beng _cDLC |
||
| 041 | _aeng | ||
| 080 |
_a61 _bF-24 |
||
| 082 | 1 |
_a306.461 _221 |
|
| 084 |
_aV:oa _2kssb/7 |
||
| 100 | 1 | _aFarmer, Paul | |
| 245 | 0 | 0 |
_aInfections and inequalities : _bthe modern plagues / _c/ by: University of California Press |
| 250 | _aUpdated ed. with a new preface | ||
| 260 |
_aBerkeley ; _aLondon : _bUniversity of California Press, _c2001 |
||
| 300 |
_axliv, 375 p. _c23 cm |
||
| 500 | _aPrevious ed.: 1999 | ||
| 504 | _aIncludes bibliographical references and index | ||
| 650 | 2 | _aHealth | |
| 650 | 0 |
_aMedicine _969 |
|
| 650 | 2 | _aPoverty | |
| 650 | 2 | _aCommunicable Diseases | |
| 650 | 2 | _aSocioeconomic Factors | |
| 650 | 2 | _aSocial Conditions | |
| 650 | 7 |
_aPoor _xHealth and hygiene _2BNB |
|
| 650 | 7 |
_aSocially handicapped _xHealth and hygiene _2BNB |
|
| 650 | 7 |
_aCommunicable diseases _xSocial aspects _2BNB |
|
| 650 | 7 |
_aMedicinsk sociologi _2sao _0153786 |
|
| 653 | _aმედიცინა | ||
| 653 | _aგადამდები დაავადებები | ||
| 653 | _aჯანმრთელობა | ||
| 653 | _aსიღარიბე | ||
| 942 |
_2udc _cBK |
||
| 999 |
_c822 _d822 |
||